| 000 | 00386cam a22001097a 4500 | ||
|---|---|---|---|
| 008 | 180718b1981 xxu||||| |||| 00| 0 eng d | ||
| 082 | _aXA94068x5433 /1977-78 | ||
| 245 |
_aReport on the survey of household savings and inmvestment in Kerala _cby State Planning Board, Kerala |
||
| 260 |
_aTrivandrum _bState Planning Board _c1981 |
||
| 300 | _a52+p. | ||
| 700 | _aKerala. State Planning Board | ||
| 999 |
_c499068 _d499068 |
||